Quizzes
Events
Quiz Creation
Community
Videos
Private Events
Remove Ads
Sign In
Join for FREE
Feedback
Dark Mode
Quiz Categories
Sports
Geography
Music
Movies
Television
Just For Fun
Miscellaneous
History
Literature
Language
Science
Gaming
Entertainment
Religion
Holiday
For Kids
Quiz Lab
Recent
Popular Today
Quiz Kudos Today
Editor Picks
Curator Picks
Quizzes by...
Day
Popularity
Type
Ratings
Length
Year
Community
Subscriptions
Recent Discussions
Orange Saloon
Badges
Playlists
Quests
Create
Leaderboards
Showdown
Live 5
Trivia Bingo
Activity
Puzzle Library
Sporcle Events
Private Events
Virtual Trivia
Globe League
Become a Host
Pub Owners
SporcleCon
Opinionation
Our Games
Videos
Blog
Mobile Apps
Partnerships
Remove Ads and Go Orange
Feedback
Sports
Athletes
MLB
NBA
NHL
NFL
Soccer
Sports Teams
WWE
NCAA
Football
Premier League
Basketball
Baseball
Hockey
Golf
Tennis
Cricket
Rugby
Auto Racing
Olympics
World Cup
Sports
Athletes
MLB
NBA
NHL
NFL
Soccer
Sports Teams
WWE
NCAA
Football
Premier League
Basketball
Baseball
Hockey
Golf
Tennis
Cricket
Rugby
Auto Racing
Olympics
World Cup
Random Quiz
Search Sporcle
×
Quiz Lab
Quiz Lab
Sports
NBA
Type in answers that appear in a list
Type in answers that appear in a list
Classic
Best Score? Go Orange.
NBA 2013 Players Salaries Stats
Can you name the NBA 2013 Players by Salaries?
By
Juanpablo7145
4m
30 Questions
336 Plays
336 Plays
336 Plays
Comments
Comments
Give Quiz Kudos
Give Quiz Kudos
-
- Ratings
hide this ad
Replay
Link that replays current quiz
Next Quiz
Link to next quiz in quiz playlist
You Got
0%
They Got
Avg Score
78%
Avg Friend Score
Upgrade to see
Score Distribution
Jump to the score distribution portion of the page
Score
0/30
Timer
04:00
0
Plays Today
Team
Player
% Correct
Lakers
Kobe Bryant
99.1%
Timberwolves
Kevin Love
97.3%
Mavericks
Dirk Nowitzki
93.5%
Lakers
Pau Gasol
92.6%
Grizzlies
Marc Gasol
92%
Knicks
Carmelo Anthony
90.5%
Grizzlies
Zach Randolph
90.2%
Heat
LeBron James
89.6%
Heat
Dwyane Wade
89.3%
Heat
Chris Bosh
89%
Nets
Deron Williams
87.8%
Grizzlies
Rudy Gay
86.6%
Clippers
Chris Paul
86%
Thunder
Kevin Durant
85.7%
Knicks
Amare Stoudemire
84.8%
Team
Player
% Correct
Bulls
Derrick Rose
83.9%
Lakers
Dwight Howard
83.3%
Celtics
Paul Pierce
82.4%
Nets
Joe Johnson
80.7%
Bulls
Carlos Boozer
78.3%
Spurs
Manu Ginobili
78.3%
76ers
Andrew Bynum
75%
Jazz
Al Jefferson
71.4%
Nuggets
Andre Iguodala
70.5%
Hornets
Eric Gordon
61%
Heat
Rashard Lewis
54.8%
Timberwolves
Brandon Roy
53.3%
Mavericks
Elton Brand
48.5%
Knicks (Not with the team)
Baron Davis
38.7%
Grizzlies
Gilbert Arenas
29.2%
Quiz Playlist
Details
Report
Send in Message
Add To Playlist
Classic:
Type in answers that appear in a list
Quiz Source
Last Updated: Feb 16, 2017
Quiz Scoreboard
CHALLENGE
Sign Up to Join the Scoreboard
Show All
Scores
Hide
Comments
May contain spoilers
Recently Published
Decade Duel: World Leaders
by jenniferyan
History
4m
Alphabetical 'K' Countries by Flag Minefield
by ylime102
Geography
3m
Pick 6: Fruits
by JohnFran
Miscellaneous
15s
More to Explore
Quiz From the Vault
Featured Blog Post
15 Basketball Trivia Facts You Can Be March Mad About
hide this ad
You Might Also Like...
Tags
Basketball Quiz
NBA Quiz
2013
Player
Salary
team
Today's Top Quizzes in Sports
Browse Sports
hide this ad
Today's Top Quizzes in NBA
Browse NBA
Top Contributed Quizzes in Sports
1
Les joueurs à 100 buts en Ligue 1 Uber Eats
2
Pick 6: NFL Teams
3
2022 World Cup Stars
4
MLB 2 truths and a lie: Hall of Fame pitchers
5
Millionaire: NBA Finals Edition
6
Pick 6: Minor League Baseball
7
Criteria MLB: Left Handed Sluggers
8
Click the 1998 NBA Draft
9
Pick 6: Olympics
10
Don't Strike Out: 3000 Strikeouts
Explore More
Trending Topics
Anime
Disney
NBA
Crossword
Harry Potter
Marvel
Kpop
WWE
Pokémon
The Office
Song
Soccer
NFL
Country
Puzzle
hide this ad
More By:
Juanpablo7145
Quiz
Plays
Rating
Category
Featured
Created
NBA 2013 Players Salaries
336
1.00
Sports
Sep 10, 2012
PSV 2012-2013 Roster
331
4.00
Sports
Sep 26, 2012
NBA 2013 Popular Jerseys
191
1.00
Sports
Oct 8, 2012
Go to Creator's Profile
Score Distribution
Quiz Creator Spotlight
Juanpablo7145
Follow
Send a Message
Quizzes Created
-
Created Quiz Play Count
-
More By This Creator
Popular Quizzes Today
1
Countries of Asia Without Outlines Minefield
2
Find the US States - No Outlines Minefield
3
Pick 6: Fruits
4
Alphabetical 'K' Countries by Flag Minefield
5
The Countries of the World
6
Find the Countries of Europe - No Outlines Minefield
7
Find the US States
8
US States
More Sports Quizzes
Pochettino's Winning XI's against former teams
Quiz Lab
Trending Quizzes
Pick 6: Mountains
Pick 6: Harry Potter
Pick 6: Flags
Pick 6: NFL Teams
Pick 6: Movie Franchises
Recently Updated
NWSL Teams
pecheneg
Women's Final Four Teams by Year
bhenderson79
Presidents Quartet II
eogle
Anything But Clue(do)
eogle
Anything But Oceanian Capitals
eogle
Anything But 7
eogle
Anything But Thing
eogle
Word Ladder: February 29
pecheneg
Song Title Questions
pecheneg
Women's NCAA Tournament #1 Seeds
pecheneg
Trending Topics
Kpop
Disney
Marvel
Crossword
NBA
Harry Potter
Anime
The Office
NFL
Pokémon
Song
Puzzle
Country
Soccer
WWE
Your Account Isn't Verified!
In order to create a playlist on Sporcle, you need to verify the email address you used during registration. Go to your
Sporcle Settings
to finish the process.
Report this User
Report this user for behavior that violates our
Community Guidelines
.
Details:
Send Report
Go to the Sporcle.com Mobile Site →
Comments